000 01026cam a2200385 4500500
005 20260405003451.0
041 _afre
042 _adc
100 1 0 _aSorente, Isabelle
_eauthor
245 0 0 _aComment la droite s’est emparée des esprits
260 _c2022.
500 _a86
690 _aCapitalisme
690 _aDroite
690 _aGauche
690 _aGérard Noiriel
690 _aGramsci
690 _aHégémonie
690 _aIdentité
690 _aIndividualisme
690 _aLaetitia Strauch-Bonart
690 _aLibéralisme
690 _aLutte des classes
690 _amarché
690 _aMarxisme
690 _aOuvrier
690 _aPolitique
690 _aPouvoir
690 _aSocialisme
690 _aStéphanie Roza
690 _astratégie
690 _aUsine
786 0 _nPhilosophie magazine | 157 | 3 | 2022-03-01 | p. 21-21 | 1951-1787
856 4 1 _uhttps://shs.cairn.info/magazine-philosophie-magazine-2022-3-page-21?lang=fr&redirect-ssocas=7080
999 _c2067821
_d2067821